00266 a2200109 450000100060000008200170000610000200002324500470004326000380009030000100012850000180013890298 a891.4392 WAJ aWajida Tabassum aWajida Tabassum kay Bemisaal AfsanayhUrdu aLahorebAlhamd Publicationsc2008 a352p. aGeneral Books